Questions-réponses sur Vesoul - Statistiques

Statistiques générales
  • Ce quiz a été pris 28 fois
  • Le résultat moyen est 9 sur 16
Statistiques - réponses
Questions Réponses % Correct
Région historique d'avant 2016 dans laquelle se situe Vesoul. La Franche-Comté
96%
Auteur-compositeur et interprète belge qui écrivit la chanson "Vesoul" en 1968. Un festival de musique lui est dédié dans la ville. Jacques Brel
91%
Nom donné aux habitants de Vesoul. Les Vésuliens
87%
Rivière dont les affluents - la Colombine, la Vaugine, le Durgeon et le ruisseau de la Méline - traversent Vesoul. La Saône
83%
Station thermale située à moins de trente kilomètres au nord (nord-est) de Vesoul, également connue pour sa dentelle. Elle est l'une des portes d'entrée du parc naturel régional des Ballons des Vosges. Luxeuil-les-Bains
83%
Marque automobile et de cycle implantée à Vesoul depuis 1956 (initialement via ses filiales). Peugeot
83%
Fleuve dont la précédente est un affluent. Le Rhône
70%
Épreuve sportive d'endurance constituée de trois épreuves distinctes, organisée chaque année à Vesoul à la fin du mois d'août depuis 1984. Cyril Viennot (membre du club organisateur) remporta l'épreuve à trois reprises avant de devenir champion du monde en 2015. Le triathlon
57%
Serie de films dans laquelle Pierre Mondy joue le rôle d'un sergent-chef pendant la débâcle de 1940, soldat qui dans le civil, possède une quincaillerie à Vesoul. La Septième Compagnie
48%
Saint des IIIe et IVe siècle après Jésus Christ, martyr sous l'Empereur Dioclétien, il est le saint patron de l'Angleterre depuis le XIVe siècle. L'église principale de Vesoul lui est dédiée. Saint Georges de Lydda
48%
Roi de France dont les troupes commandées par Georges II de La Trémoille subirent une cuisante défaite lors du Siège de Vesoul de 1477 contre le Duché de Bourgogne qui était pourtant en infériorité numérique. Louis XI
43%
Dynastie à laquelle appartient Maximilien d'Autriche et qui sera souveraine sur Vesoul et sa région de 1477 à 1678/1679. Les Habsbourg
30%
Duchesse de Bourgogne qui se trouvait en Flandres au moment de ce siège. Elle décéda à 25 ans d'une chute de cheval en 1482. Son mariage avec Maximilien d'Autriche empêcha la France d'annexer Vesoul et sa région (réponse #1). Marie de Bourgogne
17%
Quartier nord de Vesoul connu pour son eau minérale exploitée entre le XVIIe siècle et le XVIIIe siècle. Cette eau contient un taux élevé de sel et contribue à la réputation thermaliste de la ville. Les Rêpes
13%
Prêtre, vicaire à Vesoul entre 1825 et 1827, et natif de la même région (réponse #1). Il est connu pour sa pensée contre-révolutionnaire et sa dénonciation de l'esprit de la Renaissance qu'il considère comme un renouveau du paganisme antique, source du mal contemporain. Mgr Jean-Joseph Gaume
13%
Nom donné à Vesoul dans le patois local. Vezou
4%
Aucun quiz correspondant
Distribution des résultats
% des personnes avec chaque résultat
Percentile par nombre de réponses
Votre historique - résultats
Vous n’avez pas pris ce quiz